| 000 | 00000nam##2200000za#4500 |
| 001 | 9.604439 |
| 003 | CaOODSP |
| 005 | 20250403105155 |
| 007 | cr ||||||||||| |
| 008 | 150406|1997||||xxc|||||o f|0| 0 fre|d |
| 022 | |a1205-9161 |
| 040 | |aCaOODSP|bfre |
| 043 | |an-cn--- |
| 086 | 1 |aCS11-0019/106F-PDF |
| 245 | 00|aMouvements de la main-d'oeuvre et adaptation au marché du travail en Ontario de 1978 à 1993 / |h[ressource électronique]|cpar Zhengxi Lin et Wendy Pyper. |
| 260 | |aOttawa - Ontario : |bStatistique Canada |cNovembre 1997. |
| 300 | |a35p.|bgraphiques, tableaux |
| 490 | 1 |aDocuments de recherche - Direction des études analytiques|x1205-9161|vN° 106 |
| 500 | |aLe n° de catalogue (11F0019MPF), l'ISBN (0-660-95699-3) et l'ISSN (1200-5231) de l'édition imprimée ont été incorrectement copiés dans l'édition électronique. |
| 504 | |aBibliographie. |
| 590 | |a12-34-Supp|b2012-07-31 |
| 710 | 2 |aStatistique Canada. |
| 720 | 1 |aPyper, Wendy |
| 720 | 1 |aLin, Zhengxi |
| 775 | 08|tJob turnover and labour market adjustment in Ontario from 1978 to 1993 / |w(CaOODSP)9.574704 |
| 830 | #0|aDocuments de recherche (Statistique Canada. Direction des études analytiques)|x1205-9161|vN° 106|w(CaOODSP)9.500842 |
| 856 | 40|ahttp://publications.gc.ca|qPDF|s158 Ko|uhttps://publications.gc.ca/collections/Collection/CS11-0019-106F.pdf|yN° 106 |